[Event "Rewal 2011 - Open B"]
[Site "Rewal"]
[Date "2011.08.27"]
[Round "8.22"]
[White "Hasinski, Krystian"]
[Black "Karpacz, Piotr"]
[Result "1/2-1/2"]
[WhiteElo "1971"]
[BlackElo "1739"]
[EventDate "2011.??.??"]
[PlyCount "96"]

1.d4 d5 2.Nf3 e6 3.c4 f5 4.g3 Nf6 5.Bg5 c6 6.Bxf6 Qxf6 7.e3 Bd6 8.Nc3 O-O 
9.cxd5 exd5 10.Bg2 Qe7 11.O-O Nd7 12.a3 Nf6 13.Rb1 b6 14.Qc2 Ne4 15.b4 Bb7
16.Nd2 Rae8 17.Rfe1 Qf7 18.f4 Nxc3 19.Qxc3 Rc8 20.Nf3 Ba8 21.Ne5 Qe7 22.
Qb3 Rfd8 23.Rec1 Bxe5 24.dxe5 Kh8 25.Qd3 g6 26.Rb2 c5 27.bxc5 bxc5 28.a4 
Qe6 29.a5 Rc7 30.Rcb1 Rcc8 31.Rb5 Rc7 32.Rb8 Rcc8 33.Rxc8 Rxc8 34.Qb5 Kg7 
35.Rc1 c4 36.Rd1 c3 37.Rc1 c2 38.Bf1 d4 39.exd4 a6 40.Qe2 Qd5 41.Bg2 Qxd4+
42.Kf1 Bxg2+ 43.Kxg2 Qd5+ 44.Kh3 Qxa5 45.Rxc2 Rxc2 46.Qxc2 Qe1 47.Qc7+ Kh6
48.Qe7 Qe2 1/2-1/2

[Event "Rewal 2011 - Open B"]
[Site "Rewal"]
[Date "2011.08.27"]
[Round "8.23"]
[White "Poswiatowski, Michal"]
[Black "Karwowski, Kacper"]
[Result "1/2-1/2"]
[WhiteElo "1971"]
[BlackElo "1729"]
[EventDate "2011.??.??"]
[PlyCount "61"]

1.e4 c5 2.Nf3 d6 3.Bb5+ Bd7 4.Bxd7+ Qxd7 5.O-O Nc6 6.c3 Nf6 7.Re1 e6 8.d4 
cxd4 9.Nxd4 Be7 10.Nd2 O-O 11.Nf1 Rac8 12.Ng3 d5 13.e5 Ne8 14.Nb3 f5 15.f4
b6 16.Be3 Nd8 17.a4 Qb7 18.Qe2 Nc6 19.a5 Bd8 20.axb6 axb6 21.Qa6 Rf7 22.
Ne2 Nb8 23.Qxb7 Rxb7 24.Nbd4 Kf7 25.Nb5 Ke7 26.Ned4 Nc6 27.Nxc6+ Rxc6 28.
Ra4 Kd7 29.Rea1 Rc8 30.Kf1 Be7 31.Ke2 1/2-1/2

[Event "Rewal 2011 - Open B"]
[Site "Rewal"]
[Date "2011.08.27"]
[Round "8.24"]
[White "Blasiak, Miroslaw"]
[Black "Szostko, Jakub"]
[Result "1-0"]
[WhiteElo "1961"]
[BlackElo "1645"]
[EventDate "2011.??.??"]
[PlyCount "63"]

1.e4 c5 2.Nf3 d6 3.d4 cxd4 4.Nxd4 Nf6 5.Nc3 g6 6.Be3 Bg7 7.f3 a6 8.Bc4 
Nbd7 9.Qd2 b5 10.Bb3 Bb7 11.O-O-O Rc8 12.Kb1 Ne5 13.Bh6 Bxh6 14.Qxh6 Nc4 
15.Bxc4 Rxc4 16.e5 dxe5 17.Ne6 fxe6 18.Rxd8+ Kxd8 19.Rd1+ Rd4 20.Rxd4+ 
exd4 21.Ne2 e5 22.f4 e4 23.Nxd4 Bd5 24.Qh3 Kc7 25.Qa3 Re8 26.Qxa6 Ra8 27.
Ne6+ Bxe6 28.Qxa8 Bd5 29.Qa7+ Kd8 30.Qb8+ Kd7 31.Qxb5+ Ke6 32.c4 1-0

[Event "Rewal 2011 - Open B"]
[Site "Rewal"]
[Date "2011.08.27"]
[Round "8.25"]
[White "Borawski, Jakub"]
[Black "Smal, Tobiasz"]
[Result "1-0"]
[WhiteElo "1897"]
[BlackElo "1711"]
[EventDate "2011.??.??"]
[PlyCount "51"]

1.b3 e5 2.Bb2 d6 3.e3 Nf6 4.f4 Bg4 5.Be2 Bxe2 6.Qxe2 Nbd7 7.Nh3 exf4 8.
Nxf4 g6 9.O-O Bg7 10.Nd5 O-O 11.Nxf6+ Nxf6 12.Qf3 Nd7 13.Bxg7 Kxg7 14.Qxb7
f5 15.Nc3 Ne5 16.e4 Qg5 17.Qxc7+ Rf7 18.Qxd6 f4 19.h4 Qh5 20.d4 Ng4 21.
Rxf4 Rxf4 22.Qxf4 Qxh4 23.Rf1 Rc8 24.Nd5 g5 25.Qd6 Re8 26.Ne3 1-0

[Event "Rewal 2011 - Open B"]
[Site "Rewal"]
[Date "2011.08.27"]
[Round "8.26"]
[White "Zhuk, Ilya"]
[Black "Drela, Michal"]
[Result "1/2-1/2"]
[WhiteElo "1889"]
[BlackElo "1459"]
[EventDate "2011.??.??"]
[PlyCount "71"]

1.e4 e6 2.d4 d5 3.e5 c5 4.c3 Nc6 5.Be3 Qb6 6.Qd2 cxd4 7.cxd4 Nge7 8.Nf3 
Nf5 9.Nc3 Bd7 10.g4 Nxe3 11.fxe3 h5 12.g5 g6 13.a3 Ne7 14.Bd3 Bc6 15.b4 a6
16.Nh4 O-O-O 17.O-O Rh7 18.b5 axb5 19.Nxb5 Bxb5 20.Rfb1 Nc6 21.Rxb5 Qa7 
22.Rc1 Kd7 23.Rcb1 Rb8 24.Qb2 Kc7 25.Rb3 Be7 26.Nf3 Rhh8 27.h4 Rhc8 28.a4 
Na5 29.Rc3+ Kd8 30.Rxc8+ Rxc8 31.Nd2 Rc7 32.Rf1 Nc4 33.Nxc4 dxc4 34.Bc2 
Qa5 35.Be4 c3 36.Qc2 1/2-1/2

[Event "Rewal 2011 - Open B"]
[Site "Rewal"]
[Date "2011.08.28"]
[Round "8.27"]
[White "Sowa, Martyna"]
[Black "Przytula, Grzegorz"]
[Result "1/2-1/2"]
[WhiteElo "1720"]
[BlackElo "1955"]
[EventDate "2011.??.??"]
[PlyCount "68"]

1.c4 b6 2.d4 Bb7 3.Nc3 e6 4.Nf3 d6 5.e4 Nd7 6.Bd3 g6 7.O-O Bg7 8.Re1 Ne7 
9.Be3 h6 10.Qd2 a6 11.a4 Kf8 12.b4 a5 13.bxa5 Rxa5 14.Ra2 Kg8 15.Rb1 Kh7 
16.Rb5 Ra8 17.h4 Nc6 18.h5 e5 19.d5 Ne7 20.Be2 Rg8 21.hxg6+ fxg6 22.Rb1 
Ra5 23.g3 Rh8 24.Kg2 Kg8 25.Rh1 g5 26.Nh2 Nf6 27.Ng4 Bc8 28.Qd1 Ne8 29.Nh2
Bd7 30.Nb5 Nf6 31.Qb1 Nc8 32.Bd2 Ra8 33.a5 c6 34.Nc3 bxa5 1/2-1/2

[Event "Rewal 2011 - Open B"]
[Site "Rewal"]
[Date "2011.08.27"]
[Round "8.28"]
[White "Zielinski, Olgierd"]
[Black "Mirski, Michal"]
[Result "1-0"]
[WhiteElo "1943"]
[BlackElo "1776"]
[EventDate "2011.??.??"]
[PlyCount "91"]

1.e4 c5 2.Nf3 Nf6 3.e5 Nd5 4.c3 e6 5.Bc4 Nc6 6.O-O d6 7.d4 dxe5 8.dxe5 Be7
9.Qe2 a6 10.a4 Na5 11.Ba2 Qb6 12.Na3 Bd7 13.Nc4 Qc7 14.Nd6+ Bxd6 15.Bxd5 
Be7 16.Be4 Nb3 17.Ra2 Nxc1 18.Rxc1 O-O 19.c4 Rfd8 20.b3 Rab8 21.Rd1 f5 22.
exf6 Bxf6 23.Rad2 Be8 24.Rxd8 Rxd8 25.Rxd8 Bxd8 26.Qd3 h6 27.Bxb7 a5 28.
Be4 Bf6 29.g3 g5 30.Ne1 Kg7 31.Nc2 Qe5 32.Kg2 h5 33.h3 Be7 34.Ne1 Bf6 35.
Nf3 Qc7 36.Qe3 Qe7 37.g4 hxg4 38.hxg4 Kh6 39.Qc1 Qd8 40.Qh1+ Kg7 41.Qh7+ 
Kf8 42.Qh6+ Kf7 43.Bg6+ Ke7 44.Nxg5 Bc6+ 45.Be4 Bxe4+ 46.Nxe4 1-0

[Event "Rewal 2011 - Open B"]
[Site "Rewal"]
[Date "2011.08.27"]
[Round "8.29"]
[White "Klimek, Piotr"]
[Black "Starczewska, Dominika"]
[Result "0-1"]
[WhiteElo "1699"]
[BlackElo "1909"]
[EventDate "2011.??.??"]
[PlyCount "114"]

1.e4 c5 2.c4 Nc6 3.Nf3 g6 4.d4 cxd4 5.Nxd4 Bg7 6.Be3 Nf6 7.f3 d6 8.Nc3 Bd7
9.Be2 Rc8 10.Qd2 Ne5 11.b3 h5 12.O-O h4 13.Rac1 Bc6 14.f4 Neg4 15.Nxc6 
bxc6 16.Bxa7 c5 17.Bxg4 Nxg4 18.Nd5 Bd4+ 19.Kh1 Rc6 20.Qe2 Nf6 21.b4 Ra6 
22.Bb6 Rxb6 23.Nxb6 Qxb6 24.b5 h3 25.g3 Qb7 26.Rfe1 O-O 27.g4 Ra8 28.g5 
Nh5 29.Qf3 Rxa2 30.Rf1 Qa8 31.f5 Ra3 32.Qg4 Ng7 33.fxg6 fxg6 34.Rf3 Ra1 
35.Rcf1 Be5 36.Qxh3 Qxe4 37.Rxa1 Bxa1 38.Qc8+ Kh7 39.Qf8 Nf5 40.Qf7+ Kh8 
41.Qf8+ Kh7 42.Qf7+ Bg7 43.Qd5 Qe1+ 44.Kg2 Nh4+ 45.Kh3 Nxf3 46.Qxf3 Qe6+ 
47.Kg2 Qxc4 48.b6 Be5 49.b7 Qc2+ 50.Kf1 Qb1+ 51.Kg2 Kg7 52.Qc6 d5 53.Qxd5 
Bd6 54.h4 Qc2+ 55.Kg1 Qh2+ 56.Kf1 Qf4+ 57.Ke2 Qe5+ 0-1

[Event "Rewal 2011 - Open B"]
[Site "Rewal"]
[Date "2011.08.27"]
[Round "8.30"]
[White "Graczyk, Natalia"]
[Black "Grzesik, Norbert"]
[Result "0-1"]
[WhiteElo "1672"]
[BlackElo "1901"]
[EventDate "2011.??.??"]
[PlyCount "72"]

1.e4 c5 2.Nf3 Nc6 3.d4 cxd4 4.Nxd4 Nf6 5.Nc3 e6 6.Be2 Bb4 7.O-O Bxc3 8.
bxc3 Nxe4 9.Qd3 d5 10.Ba3 Qa5 11.Nb5 a6 12.Nd6+ Nxd6 13.Bxd6 Ne7 14.g4 Bd7
15.Qg3 Bb5 16.Bb4 Qb6 17.Bxb5+ Qxb5 18.a4 Qd7 19.f4 O-O 20.h4 Rfc8 21.Rf2 
Rc4 22.Rb1 a5 23.Bxe7 Qxe7 24.f5 exf5 25.Rxf5 Qe2 26.Rf3 Rxa4 27.Rbf1 Re8 
28.h5 Qe6 29.Rf5 Re4 30.Qf3 Re3 31.Qf4 Re1 32.Qa4 Rxf1+ 33.Rxf1 Qe3+ 34.
Kg2 Qe4+ 35.Qxe4 Rxe4 36.Rd1 Rxg4+ 0-1

[Event "Rewal 2011 - Open B"]
[Site "Rewal"]
[Date "2011.08.27"]
[Round "8.31"]
[White "Cyboran, Katarzyna"]
[Black "Koziol, Kamil"]
[Result "1/2-1/2"]
[WhiteElo "1869"]
[BlackElo "1773"]
[EventDate "2011.??.??"]
[PlyCount "37"]

1.e4 c5 2.Nf3 e6 3.d4 cxd4 4.Nxd4 Nf6 5.Bd3 Nc6 6.Nxc6 bxc6 7.O-O d5 8.
exd5 cxd5 9.Nc3 a6 10.Bg5 Bd6 11.Re1 O-O 12.Qf3 Rb8 13.Rab1 Qc7 14.Bxf6 
gxf6 15.Qh5 f5 16.Qg5+ Kh8 17.Qf6+ Kg8 18.Qg5+ Kh8 19.Qf6+ 1/2-1/2

[Event "Rewal 2011 - Open B"]
[Site "Rewal"]
[Date "2011.08.27"]
[Round "8.33"]
[White "Cyra, Dariusz"]
[Black "Kowalski, Maciej"]
[Result "1-0"]
[WhiteElo "1830"]
[BlackElo "1720"]
[EventDate "2011.??.??"]
[PlyCount "51"]

1.d4 Nf6 2.c4 g6 3.Nc3 Bg7 4.e4 d6 5.f4 O-O 6.Nf3 c5 7.d5 e6 8.Be2 exd5 9.
cxd5 Re8 10.e5 dxe5 11.fxe5 Ng4 12.Bg5 Qb6 13.O-O Nxe5 14.Nxe5 Bxe5 15.Bc4
Qxb2 16.d6 Bf5 17.Rxf5 Qxc3 18.Bxf7+ Kg7 19.Bxe8 gxf5 20.Rb1 b6 21.Qh5 
Qd4+ 22.Kh1 Qd5 23.Rd1 Qe6 24.Re1 Qxa2 25.Bh6+ Kh8 26.Qxf5 1-0

[Event "Rewal 2011 - Open B"]
[Site "Rewal"]
[Date "2011.08.27"]
[Round "8.34"]
[White "Zhuk, Dmitriy"]
[Black "Miczek, Szczepan"]
[Result "1/2-1/2"]
[WhiteElo "1610"]
[BlackElo "1823"]
[EventDate "2011.??.??"]
[PlyCount "117"]

1.e4 c6 2.d4 d5 3.exd5 cxd5 4.Bd3 Nc6 5.Nf3 Nf6 6.O-O Bg4 7.Be3 e6 8.Nbd2 
Bd6 9.h3 Bh5 10.c3 a6 11.Qc2 b5 12.b4 O-O 13.Rfe1 Bg6 14.Bg5 Rc8 15.Bxg6 
hxg6 16.Qd3 Bxb4 17.cxb4 Nxb4 18.Qa3 Nc2 19.Qxa6 Nxa1 20.Rxa1 b4 21.Nb3 
Ra8 22.Qd3 Qb6 23.Ne5 Rfc8 24.Nc5 Ra3 25.Qb1 Rca8 26.Bxf6 gxf6 27.Nxg6 Kg7
28.Nf4 Qd6 29.Nfd3 e5 30.Nxb4 exd4 31.Ncd3 Rb8 32.Qe1 Rc8 33.Rc1 Rcc3 34.
Qd2 Qd7 35.Nc5 Qb5 36.Rxc3 Rxc3 37.Ncd3 Qc4 38.Qe2 Ra3 39.Qg4+ Kf8 40.Qf3 
Kg7 41.Qe2 Rc3 42.Qd2 Qb5 43.g3 Qc4 44.h4 Qb5 45.g4 Qd7 46.Qf4 Rc4 47.g5 
Qh3 48.Qxf6+ Kg8 49.Qd8+ Kg7 50.Qxd5 Qg4+ 51.Qg2 Qxh4 52.f4 Rc3 53.f5 Qh5 
54.Kf2 Qd1 55.Qf3 Qd2+ 56.Kg3 Qxg5+ 57.Qg4 Kh6 58.Qxg5+ Kxg5 59.f6 1/2-1/2

[Event "Rewal 2011 - Open B"]
[Site "Rewal"]
[Date "2011.08.27"]
[Round "8.35"]
[White "Faron, Rafal"]
[Black "Krzysztofiak, Zdzislaw"]
[Result "1/2-1/2"]
[WhiteElo "1816"]
[BlackElo "1656"]
[EventDate "2011.??.??"]
[PlyCount "109"]

1.d4 Nf6 2.c4 e6 3.Nf3 d5 4.cxd5 exd5 5.Bg5 Be7 6.e3 O-O 7.Bd3 Bg4 8.h3 
Bh5 9.Nbd2 Nc6 10.a3 Re8 11.O-O Ne4 12.Bxe7 Qxe7 13.Qc2 f5 14.Bb5 Nxd2 15.
Nxd2 Qd6 16.Qxf5 Bg6 17.Qg4 Rf8 18.Bxc6 Qxc6 19.Rfc1 Qf6 20.Qg3 c6 21.Nf3 
Rae8 22.Ne5 Bf5 23.b4 Bc8 24.Ra2 g5 25.a4 Re7 26.b5 cxb5 27.axb5 Qb6 28.
Qxg5+ Rg7 29.Qh4 Qxb5 30.Rxa7 Qb2 31.Raa1 Bf5 32.Rf1 Be4 33.Ng4 b5 34.f3 
Bd3 35.Qf2 Qb4 36.Rfc1 Bf5 37.Nh6+ Kh8 38.Nxf5 Rxf5 39.Ra8+ Rf8 40.Rxf8+ 
Qxf8 41.Rc5 b4 42.Rxd5 Rb7 43.Qb2 h6 44.e4 b3 45.Rc5 Qg7 46.Kh1 Kh7 47.Rc3
Qf7 48.Rd3 Qc4 49.Rc3 Qxc3 50.Qxc3 b2 51.d5 b1=Q+ 52.Kh2 Qb2 53.Qc8 Rg7 
54.Qf5+ Kh8 55.Qf8+ 1/2-1/2

[Event "Rewal 2011 - Open B"]
[Site "Rewal"]
[Date "2011.08.27"]
[Round "8.36"]
[White "Wacior, Maciej"]
[Black "Murawko, Katarzyna"]
[Result "0-1"]
[WhiteElo "1664"]
[BlackElo "1796"]
[EventDate "2011.??.??"]
[PlyCount "100"]

1.d4 c5 2.d5 d6 3.c4 g6 4.Nc3 Bg7 5.Bd2 Nf6 6.Nf3 O-O 7.e3 Nbd7 8.Bd3 Ng4 
9.O-O Nge5 10.Nxe5 Nxe5 11.Be2 e6 12.e4 exd5 13.cxd5 a6 14.a4 f5 15.f3 Nf7
16.Qc2 Qh4 17.Be1 Qf6 18.Bf2 f4 19.Qd2 Qg5 20.Kh1 Be5 21.Rab1 Qh5 22.b4 b6
23.bxc5 bxc5 24.Na2 g5 25.Qd1 Nh6 26.Nc1 g4 27.Nd3 g3 28.Bg1 Bd4 29.Nf2 
Bxf2 30.Rxf2 gxf2 31.Bxf2 Ra7 32.Rb6 Nf7 33.Qc1 Qg5 34.a5 h5 35.Qe1 Qg7 
36.Rc6 Kh8 37.Bg1 Rg8 38.Qf2 Qg5 39.Bf1 Kh7 40.Qc2 Bd7 41.Rb6 Rg6 42.Bd3 
Ne5 43.Bf1 Nxf3 44.Qf2 Ne5 45.Rb8 Bb5 46.Bxb5 axb5 47.Rxb5 Rag7 48.Rb6 
Qxg2+ 49.Qxg2 Rxg2 50.Rb1 Nf3 0-1

[Event "Rewal 2011 - Open B"]
[Site "Rewal"]
[Date "2011.08.27"]
[Round "8.37"]
[White "Hagner, Pawel"]
[Black "Szmer, Aleksander"]
[Result "1/2-1/2"]
[WhiteElo "1781"]
[BlackElo "1618"]
[EventDate "2011.??.??"]
[PlyCount "60"]

1.d4 Nf6 2.Nf3 g6 3.Bf4 Bg7 4.e3 O-O 5.c3 d6 6.Nbd2 Nfd7 7.h3 e5 8.dxe5 
dxe5 9.Bh2 Nc6 10.Be2 f5 11.O-O Qe7 12.Re1 Nf6 13.Qb3+ Kh8 14.Nc4 Ne4 15.
Rad1 Rb8 16.a4 Be6 17.Qc2 Bg8 18.b4 Nd6 19.Nxd6 cxd6 20.Rd2 Rbc8 21.Qb2 g5
22.Red1 Rfd8 23.b5 Na5 24.Qb4 Nc4 25.Bxc4 Rxc4 26.Qa3 g4 27.hxg4 fxg4 28.
Ne1 Bf8 29.Nd3 Bg7 30.Nb2 Rcc8 1/2-1/2

[Event "Rewal 2011 - Open B"]
[Site "Rewal"]
[Date "2011.08.27"]
[Round "8.38"]
[White "Zhuk, Ivan"]
[Black "Szczecina, Kamil"]
[Result "0-1"]
[WhiteElo "1584"]
[BlackElo "1779"]
[EventDate "2011.??.??"]
[PlyCount "116"]

1.e4 c5 2.Nf3 e6 3.d4 cxd4 4.Nxd4 a6 5.g3 Qc7 6.Bg2 Nf6 7.O-O Be7 8.Nc3 
O-O 9.Re1 d6 10.g4 Nc6 11.Be3 Nxd4 12.Bxd4 Bd7 13.h3 Bc6 14.Qd2 b5 15.a3 
Rac8 16.g5 Nd7 17.h4 Nb6 18.b3 e5 19.Be3 Bb7 20.Na2 Nd7 21.Nb4 Nc5 22.Nd5 
Bxd5 23.Qxd5 Qc6 24.Rad1 Qxd5 25.exd5 f5 26.f4 e4 27.Bd4 Bd8 28.Kf2 Bb6 
29.Be3 Nd7 30.Rd2 Rc3 31.Bxb6 Nxb6 32.h5 Rfc8 33.Ree2 R8c5 34.g6 hxg6 35.
hxg6 Kf8 36.Ke1 Rxd5 37.Kd1 Rxd2+ 38.Rxd2 Ke7 39.Bf1 Rf3 40.Ke1 Rxf4 41.
Be2 d5 42.Rd4 Kd6 43.a4 Kc5 44.c3 bxa4 45.b4+ Kc6 46.Bxa6 Rg4 47.Be2 Rxg6 
48.Kf2 Rh6 49.Kg3 g5 50.Rd1 Nc4 51.Bxc4 dxc4 52.Rd4 a3 53.Rxc4+ Kb7 54.Rc5
a2 55.Ra5 Ra6 56.Rb5+ Ka7 57.Rxf5 a1=Q 58.Rxg5 Qxc3+ 0-1

[Event "Rewal 2011 - Open B"]
[Site "Rewal"]
[Date "2011.08.27"]
[Round "8.40"]
[White "Beczala, Pawel"]
[Black "Wrobel, Maciej"]
[Result "0-1"]
[WhiteElo "1730"]
[BlackElo "1868"]
[EventDate "2011.??.??"]
[PlyCount "34"]

1.e4 e5 2.Nf3 Nc6 3.d4 exd4 4.Bc4 Nf6 5.e5 Ng4 6.Bf4 d6 7.exd6 Bxd6 8.Bxd6
Qxd6 9.O-O O-O 10.h3 Nge5 11.Nbd2 Bf5 12.Bb5 Rad8 13.Bxc6 Nxc6 14.Nb3 Rfe8
15.Qd2 Qf6 16.Nh2 Qg6 17.Kh1 Bxc2 0-1

[Event "Rewal 2011 - Open B"]
[Site "Rewal"]
[Date "2011.08.27"]
[Round "8.41"]
[White "Klimek, Marcin"]
[Black "Skiba, Marta"]
[Result "1-0"]
[WhiteElo "1827"]
[BlackElo "1715"]
[EventDate "2011.??.??"]
[PlyCount "77"]

1.e4 e5 2.Nc3 Nc6 3.f4 d6 4.Nf3 Nf6 5.Bb5 Nd7 6.Bxc6 bxc6 7.fxe5 dxe5 8.
O-O Bc5+ 9.Kh1 O-O 10.d3 h6 11.Qe1 Qe7 12.Nh4 Nf6 13.Nf5 Bxf5 14.Rxf5 Ng4 
15.Qg3 Nf2+ 16.Rxf2 Bxf2 17.Qxf2 Qe6 18.Be3 f5 19.exf5 Rxf5 20.Qe2 Rb8 21.
b3 a5 22.Ne4 Rbf8 23.Re1 Qf7 24.Ng3 Rf6 25.Bc5 Re8 26.a4 Qd5 27.Be3 Ref8 
28.Qg4 Qf7 29.Bc5 Re8 30.Qc4 Rfe6 31.Qc3 h5 32.Ne4 Qf4 33.Qxa5 h4 34.Qd2 
Qg4 35.Qe2 Qf5 36.Rf1 Qg6 37.a5 Qh6 38.a6 h3 39.g3 1-0

[Event "Rewal 2011 - Open B"]
[Site "Rewal"]
[Date "2011.08.27"]
[Round "8.42"]
[White "Bregoszewski, Leon"]
[Black "Poswiatowski, Stanislaw"]
[Result "1/2-1/2"]
[WhiteElo "1821"]
[BlackElo "1718"]
[EventDate "2011.??.??"]
[PlyCount "79"]

1.d4 d5 2.f4 Nf6 3.Nf3 c6 4.e3 Bf5 5.Nbd2 e6 6.Ne5 Nbd7 7.Ndf3 c5 8.Bd3 
Bxd3 9.Nxd3 cxd4 10.exd4 Be7 11.O-O O-O 12.Qe2 Ne4 13.Bd2 Rc8 14.c3 Ndf6 
15.Be1 a5 16.Nfe5 Nd7 17.f5 Bd6 18.Nxd7 Qxd7 19.fxe6 fxe6 20.Rxf8+ Rxf8 
21.Nf2 Nxf2 22.Bxf2 Rf6 23.Be3 Bc7 24.Rf1 Qf7 25.g3 Rxf1+ 26.Qxf1 Qxf1+ 
27.Kxf1 Kf7 28.a4 Kg6 29.Kf2 Kf5 30.Kf3 h5 31.h3 g5 32.g4+ hxg4+ 33.hxg4+ 
Kg6 34.b3 e5 35.dxe5 Bxe5 36.Bd4 Bxd4 37.cxd4 Kf6 38.Ke3 Ke6 39.Kd3 b6 40.
Kc3 1/2-1/2

[Event "Rewal 2011 - Open B"]
[Site "Rewal"]
[Date "2011.08.27"]
[Round "8.43"]
[White "Statucki, Maciej"]
[Black "Mazur, Anna"]
[Result "1-0"]
[WhiteElo "1817"]
[BlackElo "1666"]
[EventDate "2011.??.??"]
[PlyCount "71"]

1.e4 c5 2.Nf3 e6 3.Nc3 a6 4.d4 cxd4 5.Nxd4 Qc7 6.a3 b5 7.Be3 Bb7 8.Bd3 Nf6
9.O-O Be7 10.Nb3 O-O 11.f4 d6 12.Qf3 Nbd7 13.g4 Rfd8 14.g5 Ne8 15.Qh3 Nf8 
16.f5 exf5 17.exf5 Qd7 18.Qg3 f6 19.Rae1 fxg5 20.Bxg5 Bxg5 21.Qxg5 Nf6 22.
Nd4 h6 23.Qg3 Re8 24.Re6 Qf7 25.Rfe1 N8h7 26.Qxd6 Rad8 27.Rxe8+ Rxe8 28.
Rxe8+ Qxe8 29.Ne6 Ng5 30.Ne2 Nh3+ 31.Kf1 Ng4 32.Qc7 Qf7 33.Qd8+ Kh7 34.
Nf8+ Kg8 35.Ng6+ Kh7 36.Qh8# 1-0

[Event "Rewal 2011 - Open B"]
[Site "Rewal"]
[Date "2011.08.27"]
[Round "8.44"]
[White "Orzechowski, Krzysztof"]
[Black "Kiolbasa, Oliwia"]
[Result "1/2-1/2"]
[WhiteElo "1778"]
[BlackElo "1701"]
[EventDate "2011.??.??"]
[PlyCount "42"]

1.e4 d5 2.exd5 Nf6 3.Nc3 Nxd5 4.Nxd5 Qxd5 5.Qf3 c6 6.Qxd5 cxd5 7.d4 Nc6 8.
c3 Bf5 9.Bf4 f6 10.Nf3 e6 11.Nh4 Bg6 12.Nxg6 hxg6 13.Bd3 g5 14.Bd2 Be7 15.
O-O-O Kd7 16.Rde1 Rac8 17.Kb1 f5 18.h3 Bf6 19.f3 a6 20.Re2 Rce8 21.Rhe1 
Re7 1/2-1/2

[Event "Rewal 2011 - Open B"]
[Site "Rewal"]
[Date "2011.08.27"]
[Round "8.46"]
[White "Nowak, Kamil"]
[Black "Szolc, Grzegorz"]
[Result "0-1"]
[WhiteElo "1637"]
[BlackElo "1760"]
[EventDate "2011.??.??"]
[PlyCount "80"]

1.e4 c5 2.Nf3 Nc6 3.d3 g6 4.g3 Bg7 5.Bg2 e6 6.O-O Nge7 7.c3 O-O 8.Re1 b6 
9.Nbd2 Bb7 10.h4 d5 11.e5 Qc7 12.Qe2 Ba6 13.Nf1 d4 14.c4 b5 15.b3 Rab8 16.
cxb5 Bxb5 17.Ba3 Qa5 18.Bxc5 Bxd3 19.Qxd3 Qxc5 20.Rac1 Qb6 21.N3d2 Nb4 22.
Qb1 Rfd8 23.Nc4 Qa6 24.a3 Nbc6 25.Nfd2 Nd5 26.Ne4 Qb7 27.Nc5 Qe7 28.Na6 
Rb7 29.b4 Bf8 30.Nc5 Rbb8 31.Na6 Ra8 32.Nd6 Nxe5 33.Bxd5 exd5 34.Nb5 Nf3+ 
35.Kg2 Nxe1+ 36.Rxe1 Qb7 37.Nbc7 Rac8 38.Rc1 Bd6 39.Qc2 d3 40.Qc3 d4+ 0-1

[Event "Rewal 2011 - Open B"]
[Site "Rewal"]
[Date "2011.08.27"]
[Round "8.47"]
[White "Lapa, Aleksandra"]
[Black "Biszof, Henryk"]
[Result "1/2-1/2"]
[WhiteElo "1458"]
[BlackElo "1747"]
[EventDate "2011.??.??"]
[PlyCount "56"]

1.c4 e5 2.Nc3 Nc6 3.g3 b6 4.Bg2 Bb7 5.e3 Na5 6.Bxb7 Nxb7 7.Nge2 Nf6 8.O-O 
h5 9.h3 Nh7 10.d4 Ng5 11.Kg2 Qf6 12.b3 Qf3+ 13.Kh2 h4 14.Ng1 hxg3+ 15.fxg3
Qxd1 16.Rxd1 e4 17.Kg2 f5 18.Bb2 Rh7 19.Nb5 Bd6 20.c5 bxc5 21.dxc5 Nxc5 
22.Nxd6+ cxd6 23.Rxd6 Nd3 24.Bd4 Rc8 25.h4 Rc2+ 26.Kh1 Nf2+ 27.Kg2 Nd3+ 
28.Kh1 Nf2+ 1/2-1/2

[Event "Rewal 2011 - Open B"]
[Site "Rewal"]
[Date "2011.08.27"]
[Round "8.49"]
[White "Knap, Jerzy"]
[Black "Mirski, Roman"]
[Result "1-0"]
[WhiteElo "1913"]
[BlackElo "1591"]
[EventDate "2011.??.??"]
[PlyCount "93"]

1.d4 d5 2.c4 e6 3.Nc3 f5 4.Nf3 Nf6 5.e3 Bd6 6.a3 O-O 7.Bd3 c6 8.O-O Nbd7 
9.Bd2 Ne4 10.Rc1 Qe8 11.Ne2 Ndf6 12.Ne5 Nd7 13.f4 Qh5 14.Rf3 Ndf6 15.Be1 
Bxe5 16.dxe5 Ng4 17.Rh3 Qe8 18.Nd4 Bd7 19.Be2 h5 20.Nc2 g6 21.Bh4 b5 22.
cxb5 cxb5 23.Nd4 Rb8 24.Rf3 b4 25.h3 bxa3 26.bxa3 Ba4 27.Qe1 Nh6 28.Qa5 
Rb2 29.Qxa7 Rf7 30.Rc7 Nc3 31.Ba6 Rb8 32.Bg5 Ra8 33.Qxa8 Qxa8 34.Rc8+ Qxc8
35.Bxc8 Kh7 36.Bxe6 Ra7 37.Rf1 Nf7 38.Rc1 Nxg5 39.Rxc3 Nxe6 40.Nxe6 Bb5 
41.Rc7+ Rxc7 42.Nxc7 Bc4 43.a4 Kg7 44.a5 Kf7 45.a6 Bxa6 46.Nxa6 Ke7 47.Nb4
1-0

[Event "Rewal 2011 - Open B"]
[Site "Rewal"]
[Date "2011.08.27"]
[Round "8.50"]
[White "Gorol, Jacek"]
[Black "Stezycka, Paulina"]
[Result "1-0"]
[WhiteElo "1788"]
[BlackElo "1558"]
[EventDate "2011.??.??"]
[PlyCount "75"]

1.c4 Nf6 2.Nf3 g6 3.Nc3 Bg7 4.g3 O-O 5.Bg2 c6 6.O-O d5 7.cxd5 cxd5 8.d4 
Nbd7 9.Bf4 Nb6 10.Rc1 Bd7 11.Ne5 e6 12.Qd2 Rc8 13.b3 Bc6 14.Bg5 Nbd7 15.
Ng4 Qb6 16.Nxf6+ Nxf6 17.Rfd1 Rfe8 18.Bf4 Nd7 19.e4 dxe4 20.Nxe4 Bxe4 21.
Rxc8 Rxc8 22.Bxe4 Nf6 23.Bg2 Rd8 24.Bg5 Rc8 25.d5 Nxd5 26.Bxd5 exd5 27.
Qxd5 h6 28.Be3 Qa6 29.a4 Qe2 30.Rf1 b6 31.Qd7 Qc2 32.Rc1 Qxc1+ 33.Bxc1 
Rxc1+ 34.Kg2 Rc3 35.b4 Rc4 36.Qb5 Rc7 37.a5 bxa5 38.Qb8+ 1-0

[Event "Rewal 2011 - Open B"]
[Site "Rewal"]
[Date "2011.08.27"]
[Round "8.51"]
[White "Jastrzebski, Konrad"]
[Black "Duda, Ryszard"]
[Result "1-0"]
[WhiteElo "1536"]
[BlackElo "1760"]
[EventDate "2011.??.??"]
[PlyCount "97"]

1.e4 c5 2.Nf3 d6 3.d3 e6 4.g3 Nf6 5.Bg2 Nc6 6.O-O Be7 7.Re1 Qc7 8.c3 O-O 
9.h4 d5 10.e5 Nd7 11.Bf4 Qb6 12.Qc2 d4 13.c4 Qc7 14.a3 b6 15.Qe2 Bb7 16.
Nbd2 Rfe8 17.Ng5 h6 18.Nh3 Nf8 19.Qh5 Ng6 20.Be4 Nxf4 21.gxf4 Qd8 22.Ng5 
Rf8 23.Nh7 Bxh4 24.Nxf8 Kxf8 25.Nf3 Be7 26.Kh2 Na5 27.Bxb7 Nxb7 28.Rg1 Qe8
29.Rg3 f5 30.Qxe8+ Rxe8 31.Rag1 g5 32.fxg5 hxg5 33.Nxg5 Bxg5 34.Rxg5 Nd8 
35.Rg8+ Ke7 36.R8g7+ Nf7 37.Rh7 Rh8 38.Rxh8 Nxh8 39.f4 Kf7 40.b4 Ng6 41.
Kg3 cxb4 42.axb4 Ne7 43.Ra1 Nc8 44.c5 bxc5 45.bxc5 Ke7 46.Ra4 Kd7 47.Rxd4+
Kc6 48.Kf3 Kxc5 49.Rc4+ 1-0

[Event "Rewal 2011 - Open B"]
[Site "Rewal"]
[Date "2011.08.27"]
[Round "8.52"]
[White "Gotin, Evgeniy"]
[Black "Przybylska, Agata"]
[Result "0-1"]
[WhiteElo "1715"]
[BlackElo "1604"]
[EventDate "2011.??.??"]
[PlyCount "48"]

1.e4 e6 2.d4 d5 3.e5 c5 4.c3 Nc6 5.Nf3 Qb6 6.a3 f6 7.Be2 fxe5 8.Nxe5 Nxe5 
9.dxe5 Ne7 10.b4 Nc6 11.Bd3 Nxe5 12.Qh5+ Nf7 13.Bf4 cxb4 14.axb4 g6 15.Qe2
Bd7 16.Be3 Qc7 17.Rxa7 Rxa7 18.Bxa7 b6 19.Qa2 Bg7 20.Qa6 Bxc3+ 21.Kd1 Bd4 
22.Na3 O-O 23.Bb5 Ra8 24.Bxd7 Rxa7 0-1

[Event "Rewal 2011 - Open B"]
[Site "Rewal"]
[Date "2011.08.27"]
[Round "8.53"]
[White "Mazur, Bartlomiej"]
[Black "Jasniewicz, Rafal"]
[Result "0-1"]
[WhiteElo "1531"]
[BlackElo "1605"]
[EventDate "2011.??.??"]
[PlyCount "92"]

1.e4 d6 2.d4 Nf6 3.Bd3 g6 4.Bg5 Bg7 5.c3 c5 6.d5 Nbd7 7.f4 c4 8.Bc2 Nc5 9.
Qe2 Qb6 10.e5 dxe5 11.fxe5 Nxd5 12.Qxc4 Be6 13.Ba4+ Nxa4 14.Qxa4+ Bd7 15.
Qc2 Bxe5 16.Na3 Bf5 17.Qa4+ Qc6 18.Qxc6+ bxc6 19.Nf3 Bg7 20.O-O-O h6 21.
Bh4 g5 22.Bf2 Nf4 23.Bd4 Bxd4 24.Nxd4 Be4 25.b4 Nd3+ 26.Rxd3 Bxd3 27.Rd1 
Be4 28.b5 cxb5 29.Naxb5 O-O 30.Re1 Bd3 31.Nc7 Rab8 32.Rxe7 Rb7 33.Kd2 Bb1 
34.a3 Bg6 35.Ne2 Rd8+ 36.Ke3 Rd3+ 37.Kf2 Rb2 38.Re8+ Kg7 39.Ra8 Bh5 40.Re8
Rdd2 41.Ke3 Rxe2+ 42.Kd4 Rxe8 43.Nxe8+ Kg6 44.c4 Rxg2 45.c5 Bf3 46.a4 Bc6 
0-1

[Event "Rewal 2011 - Open B"]
[Site "Rewal"]
[Date "2011.08.27"]
[Round "8.54"]
[White "Baryla, Lukasz"]
[Black "Dobrzanska, Joanna"]
[Result "1-0"]
[WhiteElo "1860"]
[BlackElo "1596"]
[EventDate "2011.??.??"]
[PlyCount "47"]

1.e4 c5 2.Nf3 Nc6 3.d4 cxd4 4.Nxd4 d5 5.Nxc6 bxc6 6.exd5 Qxd5 7.Nc3 Qxd1+ 
8.Nxd1 e5 9.Bc4 Ne7 10.O-O Nd5 11.Re1 Bd6 12.f4 Kd7 13.Ne3 Nxe3 14.Bxe3 
exf4 15.Bd4 f6 16.Rad1 Kc7 17.Bc3 Bf5 18.Ba5+ Kd7 19.Bb4 Bxc2 20.Rxd6+ Kc7
21.Re7+ Kc8 22.Ba6+ Kb8 23.Rdd7 c5 24.Bxc5 1-0

[Event "Rewal 2011 - Open B"]
[Site "Rewal"]
[Date "2011.08.27"]
[Round "8.55"]
[White "Bialowas, Inga"]
[Black "Panczuk, Joanna"]
[Result "1/2-1/2"]
[WhiteElo "1590"]
[BlackElo "1678"]
[EventDate "2011.??.??"]
[PlyCount "25"]

1.e4 d5 2.exd5 Qxd5 3.Nc3 Qa5 4.d4 c6 5.Nf3 Bf5 6.Bd3 Bxd3 7.Qxd3 Nd7 8.
O-O Ngf6 9.Bf4 e6 10.Rfe1 Be7 11.Ne4 O-O 12.Nfg5 Nxe4 13.Nxe4 1/2-1/2